Rip-roaring reads for reluctant teen readers /

Bibliographic Details
Main Author: Sherman, Gale W.
Corporate Author: NetLibrary, Inc
Other Authors: Ammon, Bette DeBruyne
Format: eBook
Language:English
Published: Englewood, Colo. : Libraries Unlimited, 1993.
Subjects:
Online Access:Connect to the full text of this electronic book

MARC

Tag First Indicator Second Indicator Subfields
LEADER 00000cam a2200000La 4500
001 in00001580821
005 20220103182647.0
006 m u
007 cr cn-
008 001008s1993 coua sb 001 0 eng d
010 |z  93006439  
020 |a 0585123470 (electronic bk.) :  |c $24.00 
020 |z 156308094X 
035 |a (OCoLC)ocm44963622 
040 |a N$T  |c N$T  |d OCL  |d UtOrBLW 
043 |a n-us--- 
049 |a IKMN 
050 1 4 |a Z1037  |b .S524 1993eb 
082 0 4 |a 028.5/35  |2 20 
100 1 |a Sherman, Gale W.  |0 http://id.loc.gov/authorities/names/no91029377 
245 1 0 |a Rip-roaring reads for reluctant teen readers /  |c Gale W. Sherman, Bette D. Ammon. 
264 1 |a Englewood, Colo. :  |b Libraries Unlimited,  |c 1993. 
300 |a ix, 164 pages :  |b illustrations ;  |c 28 cm. 
336 |a text  |b txt  |2 rdacontent 
337 |a computer  |b c  |2 rdamedia 
338 |a online resource  |b cr  |2 rdacarrier 
504 |a Includes bibliographical references and indexes. 
533 |a Electronic reproduction.  |b Boulder, Colo. :  |c NetLibrary,  |d 2000.  |n Available via the World Wide Web.  |n Available in multiple electronic file formats.  |n Access may be limited to NetLibrary affiliated libraries. 
500 |a Electronic resource. 
650 0 |a Young adult literature, American  |v Bibliography.  |0 http://id.loc.gov/authorities/subjects/sh2008124362 
650 0 |a Teenagers  |x Books and reading  |z United States.  |0 http://id.loc.gov/authorities/subjects/sh2008112712 
655 7 |a Electronic books.  |2 local 
700 1 |a Ammon, Bette DeBruyne.  |0 http://id.loc.gov/authorities/names/no91029379 
710 2 |a NetLibrary, Inc.  |0 http://id.loc.gov/authorities/names/no99080690 
776 1 |c Original  |w (DLC) 93006439  |w (OCoLC)28854384 
856 4 1 |u https://proxy.library.tamu.edu/login?url=http://www.netLibrary.com/urlapi.asp?action=summary&v=1&bookid=13156  |z Connect to the full text of this electronic book  |t 0 
994 |a 92  |b IKM 
999 |a MARS 
999 f f |s 8649fb3d-997e-3ab7-85ef-dfc64f52cc13  |i 9d1470ff-e2e0-3f4f-a348-48aa56d14bba  |t 0 
952 f f |a Texas A&M University  |b College Station  |c Electronic Resources  |d Available Online  |t 0  |e Z1037  |h Library of Congress classification 
998 f f |a Z1037  |t 0  |l Available Online